000
00236nam a22001097a 4500
008
170126b xxu||||| |||| 00| 0 eng d
020
_a
9781111540609
041
_a
eng
080
_a
61
245
_a
3-2-1 CODE IT
_c
GREEN
942
_2
udc
_c
BK
999
_c
3710
_d
3710